Statistics for Hindu Gods

Click here to take the quiz!

General Stats

  • This quiz has been taken 351 times
  • The average score is 8 of 12

Answer Stats

Hint Deity % Correct
God of protection and preservation, 1/3 of Trimurti, Hindu trinity.Vishnu
92%
Elephant headed God of New Beginnings, Remover of obstacles, patron of letters and learningGanesha
92%
God of Creation, destruction, degeneration,meditaation, arts, yoga and MokshaShiva
91%
God of Creation with four faces. Created Knowledge and the Universe (and the four Vedas)Brahma
83%
Monkey faced God of devotion, power, humanity and disciplineHanuman
77%
Goddess of wealth, fortune and prosperity, abundance. Diwali is a festival devoted to her.Lakshmi
77%
Destroyer of evolution forces, Goddess of Time, Creation, Destruction and PowerKali
69%
Goddess of art, knowledge, music, visdom and learningSaraswati
61%
The invisible one, Goddess of motherhood, victory of good over evilDurga
47%
Goddess of fertility, love and devotion & divine strength and power, mother goddess with creative powerParvati
47%
God of war and victory, Commander of the godsKartikeya
21%
South Indian goddess of rain & mother godMariamman
12%

Score Distribution

Percentile by Number Answered

Percent of People with Each Score

Your Score History

You have not taken this quiz